ბათუმის შოთა რუსთაველის სახელმწიფო უნივერსიტეტის ბიბლიოთეკა

Ephesos - Gebaute Geschichte : (ბიბ.ჩანაწერი № 60542)

000 -LEADER
fixed length control field 00524nam a22001817a 4500
005 - DATE AND TIME OF LATEST TRANSACTION
control field 20230816164301.0
008 - FIXED-LENGTH DATA ELEMENTS--GENERAL INFORMATION
fixed length control field 230816s1997 gw ||||| |||| 00| 0 ger d
020 ## - INTERNATIONAL STANDARD BOOK NUMBER
International Standard Book Number 3805318146
041 ## - LANGUAGE CODE
Language code of text/sound track or separate title ger
080 ## - UNIVERSAL DECIMAL CLASSIFICATION NUMBER
Universal Decimal Classification number 902 H-89
100 ## - MAIN ENTRY--PERSONAL NAME
Personal name Hueber, Friedmund
9 (RLIN) 19682
245 ## - TITLE STATEMENT
Title Ephesos - Gebaute Geschichte :
Remainder of title (Zaberns Bildbände zur Archäologie) /
Statement of responsibility, etc. Friedmund Hueber.
264 ## - PRODUCTION, PUBLICATION, DISTRIBUTION, MANUFACTURE, AND COPYRIGHT NOTICE
Place of production, publication, distribution, manufacture Mainz,
Date of production, publication, distribution, manufacture, or copyright notice 1997.
300 ## - PHYSICAL DESCRIPTION
Extent 112 p. :
Other physical details ill. :
Dimensions 30 cm.
653 ## - INDEX TERM--UNCONTROLLED
keyword ეფესო
653 ## - INDEX TERM--UNCONTROLLED
keyword ისტორია
942 ## - ADDED ENTRY ELEMENTS (KOHA)
Source of classification or shelving scheme
Koha item type წიგნი
ეგზემპლარები
Withdrawn status Lost status Source of classification or shelving scheme Damaged status Not for loan Permanent Location Current Location Shelving location Date acquired Cost, normal purchase price Full call number Barcode Date last seen Copy number Uniform Resource Identifier Price effective from Koha item type Public note
          ბათუმის შოთა რუსთაველის სახელმწიფო უნივერსიტეტის მთავარი ბიბლიოთეკა ბათუმის შოთა რუსთაველის სახელმწიფო უნივერსიტეტის მთავარი ბიბლიოთეკა წიგნსაცავი 2023-08-16 8.00 902 H-89 65110 2023-08-16 65110 ბსუ-ს საპატიო დოქტორის გურამ ლორთქიფანიძის საჩუქარი 2023-08-16 წიგნი 8 ლ.